<?xml version="1.0" encoding="UTF-8"?>
<record
    xmlns:xsi="http://www.w3.org/2001/XMLSchema-instance"
    xsi:schemaLocation="http://www.loc.gov/MARC21/slim http://www.loc.gov/standards/marcxml/schema/MARC21slim.xsd"
    xmlns="http://www.loc.gov/MARC21/slim">

  <leader>00705nam a22001337a 4500</leader>
  <datafield tag="040" ind1=" " ind2=" ">
    <subfield code="c">RUA</subfield>
  </datafield>
  <datafield tag="082" ind1=" " ind2=" ">
    <subfield code="a">VEM SOP 2021 B676 Or.</subfield>
  </datafield>
  <datafield tag="100" ind1=" " ind2=" ">
    <subfield code="a">SOPHEAK SOPHORTRA. &#x179F;&#x17BB;&#x1797;&#x1780;&#x17D2;&#x178F;&#x17B7; &#x179F;&#x17BB;&#x1797;&#x17D0;&#x178F;&#x17D2;&#x179A;&#x17D2;&#x178F;&#x17B6;</subfield>
  </datafield>
  <datafield tag="245" ind1=" " ind2=" ">
    <subfield code="a">CASE OF SALMONELLA SPP. IN CHICKEN MEAT IN MOUNG RUSSEI MARKET, MOUNG RUSSEI DISTRICT, BATTAMBANG PROVINCE. &#x1780;&#x179A;&#x178E;&#x17B8; SALMONELLA SPP. &#x1780;&#x17D2;&#x1793;&#x17BB;&#x1784;&#x179F;&#x17B6;&#x1785;&#x17CB;&#x1798;&#x17B6;&#x1793;&#x1793;&#x17C5;&#x1795;&#x17D2;&#x179F;&#x17B6;&#x179A;&#x1798;&#x17C4;&#x1784;&#x17AC;&#x179F;&#x17D2;&#x179F;&#x17B8; &#x179F;&#x17D2;&#x179A;&#x17BB;&#x1780;&#x1798;&#x17C4;&#x17AC;&#x179F;&#x17D2;&#x179F;&#x17B8; &#x1781;&#x17C1;&#x178F;&#x17D2;&#x178F;&#x1794;&#x17B6;&#x178F;&#x17CB;&#x178A;&#x17C6;&#x1794;&#x1784;</subfield>
  </datafield>
  <datafield tag="260" ind1=" " ind2=" ">
    <subfield code="a">Phnom Penh</subfield>
    <subfield code="b">RUA</subfield>
    <subfield code="c">2021</subfield>
  </datafield>
  <datafield tag="300" ind1=" " ind2=" ">
    <subfield code="a">X.46P</subfield>
    <subfield code="b">VIII.</subfield>
    <subfield code="c">29CM</subfield>
  </datafield>
  <datafield tag="856" ind1=" " ind2=" ">
    <subfield code="u">https://drive.google.com/file/d/1PtYQjzyXVfF984nfPZbQLiNAKcVMLoRU/view?usp=sharing</subfield>
  </datafield>
  <datafield tag="942" ind1=" " ind2=" ">
    <subfield code="c">VEM</subfield>
  </datafield>
  <datafield tag="999" ind1=" " ind2=" ">
    <subfield code="c">21807</subfield>
    <subfield code="d">21807</subfield>
  </datafield>
  <datafield tag="952" ind1=" " ind2=" ">
    <subfield code="0">0</subfield>
    <subfield code="1">0</subfield>
    <subfield code="2">ddc</subfield>
    <subfield code="4">0</subfield>
    <subfield code="6">VEM_SOP_2021_000000000000000_B676_OR</subfield>
    <subfield code="7">0</subfield>
    <subfield code="9">94967</subfield>
    <subfield code="a">LBB</subfield>
    <subfield code="b">LBB</subfield>
    <subfield code="c">B676</subfield>
    <subfield code="d">2023-09-01</subfield>
    <subfield code="l">1</subfield>
    <subfield code="o">VEM SOP 2021 B676 Or.</subfield>
    <subfield code="p">a071822</subfield>
    <subfield code="r">2025-01-06</subfield>
    <subfield code="s">2024-12-06</subfield>
    <subfield code="w">2023-09-01</subfield>
    <subfield code="y">VEM</subfield>
  </datafield>
  <datafield tag="952" ind1=" " ind2=" ">
    <subfield code="0">0</subfield>
    <subfield code="1">0</subfield>
    <subfield code="2">ddc</subfield>
    <subfield code="4">0</subfield>
    <subfield code="6">VEM_SOP_2021_000000000000000_B676_OR</subfield>
    <subfield code="7">0</subfield>
    <subfield code="9">94968</subfield>
    <subfield code="a">LBB</subfield>
    <subfield code="b">LBB</subfield>
    <subfield code="c">B676</subfield>
    <subfield code="d">2023-09-01</subfield>
    <subfield code="l">7</subfield>
    <subfield code="o">VEM SOP 2021 B676 Or.</subfield>
    <subfield code="p">a72066</subfield>
    <subfield code="q">2026-08-05</subfield>
    <subfield code="r">2026-07-01</subfield>
    <subfield code="s">2026-07-01</subfield>
    <subfield code="w">2023-09-01</subfield>
    <subfield code="y">VEM</subfield>
  </datafield>
  <datafield tag="952" ind1=" " ind2=" ">
    <subfield code="0">0</subfield>
    <subfield code="1">0</subfield>
    <subfield code="2">ddc</subfield>
    <subfield code="4">0</subfield>
    <subfield code="6">VEM_SOP_2021_000000000000000_B676_OR</subfield>
    <subfield code="7">0</subfield>
    <subfield code="9">94969</subfield>
    <subfield code="a">LBB</subfield>
    <subfield code="b">LBB</subfield>
    <subfield code="c">B676</subfield>
    <subfield code="d">2023-09-01</subfield>
    <subfield code="l">2</subfield>
    <subfield code="o">VEM SOP 2021 B676 Or.</subfield>
    <subfield code="p">a72516</subfield>
    <subfield code="r">2025-01-29</subfield>
    <subfield code="s">2024-12-28</subfield>
    <subfield code="w">2023-09-01</subfield>
    <subfield code="y">VEM</subfield>
  </datafield>
  <datafield tag="952" ind1=" " ind2=" ">
    <subfield code="0">0</subfield>
    <subfield code="1">0</subfield>
    <subfield code="2">ddc</subfield>
    <subfield code="4">0</subfield>
    <subfield code="6">VEM_SOP_2021_000000000000000_B676_OR</subfield>
    <subfield code="7">0</subfield>
    <subfield code="9">94970</subfield>
    <subfield code="a">LBB</subfield>
    <subfield code="b">LBB</subfield>
    <subfield code="c">B676</subfield>
    <subfield code="d">2023-09-01</subfield>
    <subfield code="l">1</subfield>
    <subfield code="o">VEM SOP 2021 B676 Or.</subfield>
    <subfield code="p">a071846</subfield>
    <subfield code="r">2024-06-26</subfield>
    <subfield code="s">2023-12-05</subfield>
    <subfield code="w">2023-09-01</subfield>
    <subfield code="y">VEM</subfield>
  </datafield>
  <datafield tag="952" ind1=" " ind2=" ">
    <subfield code="0">0</subfield>
    <subfield code="1">0</subfield>
    <subfield code="2">ddc</subfield>
    <subfield code="4">0</subfield>
    <subfield code="6">VEM_SOP_2021_000000000000000_B676_OR</subfield>
    <subfield code="7">0</subfield>
    <subfield code="9">94971</subfield>
    <subfield code="a">LBB</subfield>
    <subfield code="b">LBB</subfield>
    <subfield code="c">B676</subfield>
    <subfield code="d">2023-09-01</subfield>
    <subfield code="l">5</subfield>
    <subfield code="o">VEM SOP 2021 B676 Or.</subfield>
    <subfield code="p">a071850</subfield>
    <subfield code="r">2025-12-01</subfield>
    <subfield code="s">2025-11-19</subfield>
    <subfield code="w">2023-09-01</subfield>
    <subfield code="y">VEM</subfield>
  </datafield>
  <datafield tag="952" ind1=" " ind2=" ">
    <subfield code="0">0</subfield>
    <subfield code="1">0</subfield>
    <subfield code="2">ddc</subfield>
    <subfield code="4">0</subfield>
    <subfield code="6">VEM_SOP_2021_000000000000000_B676_OR</subfield>
    <subfield code="7">0</subfield>
    <subfield code="9">94972</subfield>
    <subfield code="a">LBB</subfield>
    <subfield code="b">LBB</subfield>
    <subfield code="c">B676</subfield>
    <subfield code="d">2023-09-01</subfield>
    <subfield code="l">5</subfield>
    <subfield code="o">VEM SOP 2021 B676 Or.</subfield>
    <subfield code="p">a071873</subfield>
    <subfield code="r">2025-02-20</subfield>
    <subfield code="s">2025-01-15</subfield>
    <subfield code="w">2023-09-01</subfield>
    <subfield code="y">VEM</subfield>
  </datafield>
</record>
